Catalog

Record Details

Catalog Search



The little prince  Cover Image Book Book

The little prince / written and drawn by Antoine de Saint-Exupéry ; translated from the French by Katherine Woods.

Summary:

An aviator whose plane is forced down in the Sahara Desert encounters a little man from a small planet, who describes his adventures in the universe, seeking the secret of what is really important in life.

Record details

  • ISBN: 9780156465113
  • ISBN: 0156465116
  • ISBN: 9780152465032
  • ISBN: 0152465030
  • Physical Description: 91 pages : color illustrations ; 22 cm
  • Edition: 1st Harvest/HBJ ed.
  • Publisher: San Diego : Harcourt Brace Jovanovich, 1982, ©1971.

Content descriptions

General Note:
A Harvest/HBJ book.
Reprint. Originally published: New York : Harcourt, Brace & World, 1943.
Translation of: Le petit prince.
Subject: Fantasy fiction.
Fairy tales.

Available copies

  • 1 of 1 copy available at scottsboropl.

Holds

  • 0 current holds with 1 total copy.
Show Only Available Copies
Location Call Number / Copy Notes Barcode Shelving Location Status Due Date
scottsboropl JF Sai 32269001061426 Juvenile - Fiction Available -

LDR 01598cam a2200397 a 4500
001121500
003CONS
00520151214074953.0
008820709r19821943caua 000 1 eng
010 . ‡a 82011968
020 . ‡a9780156465113
020 . ‡a0156465116
020 . ‡a9780152465032
020 . ‡a0152465030
035 . ‡a(CPomAG)LMN445499
0411 . ‡aeng ‡hfre
05000. ‡aPQ2637.A274 ‡bP43713 1982
08200. ‡a843/.912 ‡219
1001 . ‡aSaint-Exupéry, Antoine de, ‡d1900-1944.
24514. ‡aThe little prince / ‡cwritten and drawn by Antoine de Saint-Exupéry ; translated from the French by Katherine Woods.
250 . ‡a1st Harvest/HBJ ed.
260 . ‡aSan Diego : ‡bHarcourt Brace Jovanovich, ‡c1982, ©1971.
300 . ‡a91 pages : ‡bcolor illustrations ; ‡c22 cm
336 . ‡atext ‡btxt ‡2rdacontent
337 . ‡aunmediated ‡bn ‡2rdamedia
338 . ‡avolume ‡bnc ‡2rdacarrier
500 . ‡aA Harvest/HBJ book.
500 . ‡aReprint. Originally published: New York : Harcourt, Brace & World, 1943.
500 . ‡aTranslation of: Le petit prince.
520 . ‡aAn aviator whose plane is forced down in the Sahara Desert encounters a little man from a small planet, who describes his adventures in the universe, seeking the secret of what is really important in life.
650 0. ‡aFantasy fiction.
650 1. ‡aFairy tales.
7001 . ‡aWoods, Katherine, ‡d1886-1968.
74010. ‡aPetit prince. ‡lEnglish
959 . ‡i32269001061426 ‡lJF Sai ‡aJuvenile - Fiction ‡tJuv Fiction ‡g8.00
852 . ‡p32269001061426 ‡jJF Sai ‡gJuvenile - Fiction ‡cJuv Fiction ‡y8.00 ‡bSBPL
901 . ‡a121500 ‡bUnknown ‡c121500 ‡tbiblio

Additional Resources